[Event "ICS rated blitz match"]
[Site "207.99.83.229"]
[Date "1999.06.01"]
[Round "?"]
[White "WhiteHorse"]
[Black "Hossa"]
[Result "0-1"]
[WhiteElo "2384"]
[BlackElo "2550"]
[PlyCount "104"]

1. d4 d5 2. e3 Bf5 3. f4 Nf6 4. Nf3 e6 5. c3 Bd6 6. Be2 O-O 7. O-O Nbd7 8. Bd2
Ne4 9. Be1 Ndf6 10. Nbd2 Ng4 11. Qc1 Nxd2 12. Bxd2 Nf6 13. Be1 Ne4 14. Nd2 c5
15. Nxe4 Bxe4 16. Bf3 cxd4 17. exd4 Qb6 18. Bxe4 dxe4 19. Kh1 Rae8 20. Bf2 Qb5
21. Be3 Qd5 22. Qd2 a6 23. h3 Re7 24. g4 Ree8 25. Rf2 Be7 26. Rg2 Bd8 27. g5
Re7 28. h4 Ba5 29. Qf2 Qf5 30. Rg3 Qg6 31. Kh2 Qh5 32. Rh3 Qg4 33. Rg1 Qf5 34.
h5 Bc7 35. Rh4 Qd5 36. a3 Qf5 37. Rhg4 Kh8 38. R1g3 Rg8 39. Qg2 Bd6 40. Qh3 Qb5
41. Rg2 Rf8 42. g6 fxg6 43. hxg6 h6 44. Rh4 Qf1 45. Rxh6+ gxh6 46. Qxh6+ Kg8
47. g7 Bxf4+ 48. Bxf4 Qxf4+ 49. Qxf4 Rxf4 50. Re2 Rxg7 51. Kh3 Rf1 52. Rh2
52... Rf6 {WhiteHorse resigns} 0-1

[Event "ICS rated blitz match"]
[Site "207.99.83.229"]
[Date "1999.06.01"]
[Round "?"]
[White "Hossa"]
[Black "SvenTheBest"]
[Result "0-1"]
[WhiteElo "2559"]
[BlackElo "2279"]
[PlyCount "96"]

1. e4 c5 2. Nf3 d6 3. d4 cxd4 4. Nxd4 Nf6 5. Nc3 g6 6. Be3 Bg7 7. f3 O-O 8. Qd2
Nc6 9. g4 Bd7 10. O-O-O Rc8 11. Nxc6 Bxc6 12. Bxa7 Qa5 13. Bd4 b5 14. g5 b4 15.
gxf6 bxc3 16. Qxc3 Qxc3 17. Bxc3 exf6 18. Rxd6 f5 19. Bxg7 Kxg7 20. Bh3 Rc7 21.
exf5 Bxf3 22. f6+ Kg8 23. Re1 h5 24. Re3 Bb7 25. Rd7 Rxd7 26. Bxd7 Rd8 27. Re8+
Rxe8 28. Bxe8 g5 29. Kd2 g4 30. Ke3 Kh7 31. Bxf7 h4 32. Kf4 g3 33. hxg3 h3 34.
Kg5 h2 35. Bg6+ Kg8 36. b3 h1=Q 37. g4 Qd5+ 38. Kh6 Qe6 39. f7+ Kf8 40. Kg5
Qe5+ 41. Bf5 Kxf7 42. Kh4 Kf6 43. g5+ Kxf5 44. Kh3 Qe3+ 45. Kh4 Qxg5+ 46. Kh3
Qg4+ 47. Kh2 Kf4 48. a4 48... Qg3# {Hossa checkmated} 0-1

[Event "ICS rated blitz match"]
[Site "207.99.83.229"]
[Date "1999.06.01"]
[Round "?"]
[White "Hossa"]
[Black "shally"]
[Result "1-0"]
[WhiteElo "2535"]
[BlackElo "2214"]
[PlyCount "83"]

1. e4 c5 2. Nf3 Nc6 3. d4 cxd4 4. Nxd4 Nf6 5. Nc3 e6 6. Ndb5 d6 7. Bf4 e5 8.
Bg5 Be6 9. Bxf6 gxf6 10. Nd5 Bxd5 11. Qxd5 a6 12. Nc3 Qc7 13. Qd2 Ne7 14. Bb5+
Nc6 15. Nd5 Qd8 16. Ba4 Bg7 17. Nb4 Rc8 18. Bxc6+ bxc6 19. Nxa6 Qb6 20. Nb4 Bf8
21. a3 Be7 22. O-O h5 23. Qe3 Qb7 24. f4 h4 25. fxe5 dxe5 26. Nd3 h3 27. gxh3
Rd8 28. Rf5 Rd4 29. c3 Rd7 30. Kh1 Qb5 31. Rd1 Rh4 32. Rff1 Qc4 33. Rfe1 Bd8
34. Nc5 Rxd1 35. Rxd1 Bb6 36. Qe1 Rf4 37. Nd7 Bd8 38. Nb8 Rxe4 39. Qg1 Re2 40.
Qg8+ Ke7 41. Qxd8+ Ke6 42. Qd7# {shally checkmated} 1-0

[Event "ICS rated blitz match"]
[Site "207.99.83.229"]
[Date "1999.06.01"]
[Round "?"]
[White "shally"]
[Black "Hossa"]
[Result "0-1"]
[WhiteElo "2213"]
[BlackElo "2539"]
[PlyCount "44"]

1. e4 e5 2. Nf3 Nc6 3. Bb5 a6 4. Ba4 Nf6 5. d3 d6 6. h3 Be7 7. O-O O-O 8. Nh2
b5 9. Bb3 a5 10. c3 d5 11. Qe2 a4 12. Bc2 Be6 13. f4 Bc5+ 14. Kh1 dxe4 15. dxe4
Bc4 16. Qf3 Bxf1 17. Qxf1 Nh5 18. Qf3 Qh4 19. Nf1 Qe1 20. Na3 Ng3+ 21. Qxg3
Qxf1+ 22. Kh2 22... Qg1# {shally checkmated} 0-1

[Event "ICS rated blitz match"]
[Site "207.99.83.229"]
[Date "1999.06.01"]
[Round "?"]
[White "Hossa"]
[Black "razzle"]
[Result "0-1"]
[WhiteElo "2543"]
[BlackElo "2793"]
[PlyCount "61"]

1. e4 c5 2. Nf3 e6 3. c3 d5 4. exd5 Qxd5 5. c4 Qf5 6. Nc3 e5 7. Nb5 Na6 8. Qe2
f6 9. d4 cxd4 10. Nbxd4 Qg6 11. Bd2 Bd7 12. Nh4 Qf7 13. O-O-O Nc5 14. Ba5 Ne7
15. Nb3 Nc6 16. Nxc5 Bxc5 17. Bc3 O-O-O 18. Nf3 Bf5 19. Be1 Nb4 20. Rxd8+ Rxd8
21. Bxb4 Bxb4 22. Qe3 Qc7 23. a3 Bc5 24. Qe1 Qc6 25. Qa5 Bxf2 26. b4 Qe4 27.
Bd3 Qxd3 28. Qxd8+ Kxd8 29. Rd1 Be3+ 30. Kb2 Qxd1 31. c5 {Hossa resigns} 0-1

[Event "ICS rated blitz match"]
[Site "207.99.83.229"]
[Date "1999.06.01"]
[Round "?"]
[White "REDSTAR"]
[Black "Hossa"]
[Result "0-1"]
[WhiteElo "2332"]
[BlackElo "2537"]
[PlyCount "37"]

1. e4 e5 2. Nc3 Nf6 3. Nf3 Nc6 4. Bb5 Bb4 5. Bxc6 dxc6 6. Nxe5 Qe7 7. d4 Nxe4
8. O-O Nxc3 9. bxc3 Bxc3 10. Rb1 c5 11. Bd2 Bxd4 12. Nf3 O-O 13. Nxd4 cxd4 14.
Qh5 Qe6 15. Bb4 Rd8 16. Rfe1 Qxa2 17. Be7 Rd5 18. Bf6 Qxb1 19. Qxh7+ {
REDSTAR resigns} 0-1

[Event "ICS rated blitz match"]
[Site "207.99.83.229"]
[Date "1999.06.01"]
[Round "?"]
[White "Hossa"]
[Black "sard"]
[Result "1-0"]
[WhiteElo "2554"]
[BlackElo "2234"]
[PlyCount "35"]

1. e4 c6 2. d4 d5 3. Nd2 dxe4 4. Nxe4 Nd7 5. Ng5 Ngf6 6. Bc4 e6 7. Qe2 Nb6 8.
Bb3 h6 9. N5f3 c5 10. Bf4 Nbd5 11. Bd2 a6 12. O-O-O b5 13. dxc5 Bxc5 14. Bc3
Bb7 15. Bxd5 Bxd5 16. Bxf6 gxf6 17. a3 Qc7 18. Rxd5 {sard resigns} 1-0

[Event "ICS rated blitz match"]
[Site "207.99.83.229"]
[Date "1999.06.01"]
[Round "?"]
[White "AzkikrU"]
[Black "Hossa"]
[Result "1-0"]
[WhiteElo "2697"]
[BlackElo "2569"]
[PlyCount "86"]

1. d4 d5 2. c4 e6 3. Nc3 Nf6 4. Bg5 c6 5. e3 Be7 6. Nf3 O-O 7. Rc1 Nbd7 8. Bd3
dxc4 9. Bxc4 Nd5 10. Bxe7 Qxe7 11. O-O Nxc3 12. Rxc3 b6 13. Qe2 a5 14. Qd3 Bb7
15. Qe4 Rad8 16. Bd3 f5 17. Qf4 c5 18. Bc4 Rf6 19. Nh4 Rc8 20. Rd1 Qf7 21. Bb5
Qh5 22. Rd2 Bc6 23. Bxc6 Rxc6 24. dxc5 Nxc5 25. Nf3 Rc8 26. Rd6 Rff8 27. Rxb6
Rcd8 28. Rd6 Ne4 29. Rxd8 Rxd8 30. Rc1 Qe8 31. Qc7 Rd5 32. Nd4 Ng5 33. b3 Kh8
34. Nc6 Ne4 35. f3 Nc5 36. Qe7 Qxe7 37. Nxe7 Re5 38. f4 Rxe3 39. Rxc5 g5 40.
fxg5 a4 41. bxa4 Ra3 42. Re5 Rxa2 43. Rxe6 43... Ra1+ {Hossa resigns} 1-0

[Event "ICS Rated blitz match"]
[Site "207.99.83.229"]
[Date "1999.06.02"]
[Round "?"]
[White "LittleGoliath"]
[Black "Hossa"]
[Result "1-0"]
[WhiteElo "2692"]
[BlackElo "2563"]
[PlyCount "161"]

1. Nf3 d5 2. g3 Nf6 3. Bg2 c6 4. O-O e6 5. c4 dxc4 6. Ne5 Qd4 7. Nf3 Qb6 8. Qc2
Bd6 9. Qxc4 O-O 10. d4 Nbd7 11. Nc3 Ng4 12. Rb1 Qa5 13. Bd2 Qf5 14. e4 Qg6 15.
Nh4 Qh5 16. Bf3 g5 17. h3 gxh4 18. hxg4 Qg6 19. e5 Be7 20. gxh4 Bxh4 21. Ne2
Rd8 22. Nf4 Qg5 23. Qc2 Qg7 24. Bb4 Nb6 25. Bc5 Qg5 26. Qe4 Nc4 27. Rfd1 Qh6
28. b3 Nb6 29. Kg2 Qg5 30. Rh1 Nd7 31. a3 Nxc5 32. dxc5 Rd2 33. Be2 f6 34. exf6
Qxf6 35. Qe3 Ra2 36. b4 a5 37. b5 Bg5 38. Nh5 Qg6 39. Qf3 Qe8 40. Ng3 cxb5 41.
Rxb5 Qc6 42. Ne4 Be7 43. Rhb1 Qd5 44. Rd1 Qc6 45. Kg1 Bd7 46. Rb6 Rf8 47. Rxc6
Rxf3 48. Rxd7 bxc6 49. Bxf3 Rxa3 50. Kg2 Kf8 51. Rc7 a4 52. Rxc6 Ra1 53. Rxe6
a3 54. Ra6 Ra2 55. Kg3 Ra1 56. Nd6 Bf6 57. Ra8+ Ke7 58. Bd5 Be5+ 59. f4 Bxd6
60. Ra7+ Kf6 61. g5+ Kf5 62. cxd6 Rd1 63. Bf3 Rd3 64. d7 a2 65. Rxa2 Kg6 66.
d8=N Rxd8 67. Be4+ Kf7 68. Ra7+ Ke6 69. Bxh7 Rd1 70. f5+ Ke5 71. Ra5+ Kd4 72.
f6 Rf1 73. g6 Kc3 74. f7 Kb4 75. Re5 Ka4 76. Re2 Kb4 77. Rf2 Rh1 78. f8=Q+ Kc4
79. Bg8+ Kb5 80. Qb8+ Ka4 81. Ra2# {Hossa checkmated} 1-0

[Event "ICS rated blitz match"]
[Site "207.99.83.229"]
[Date "1999.06.02"]
[Round "?"]
[White "Andrey"]
[Black "Hossa"]
[Result "0-1"]
[WhiteElo "2544"]
[BlackElo "2553"]
[PlyCount "98"]

1. d4 d5 2. c4 dxc4 3. e3 b5 4. a4 Nd7 5. axb5 Nb6 6. Nf3 Bg4 7. Be2 Qd7 8.
Nbd2 Qxb5 9. b3 Bxf3 10. Bxf3 c3 11. Bxa8 cxd2+ 12. Bxd2 Nxa8 13. Rxa7 Qb8 14.
Qa1 Nb6 15. O-O e6 16. Rc1 Bd6 17. e4 Ne7 18. e5 Nec8 19. exd6 Nxa7 20. dxc7
Qb7 21. Bb4 Nbc8 22. Bc5 Nb5 23. Qa4 Kd7 24. Ba3 Nca7 25. Qb4 Nc6 26. Rxc6 Qxc6
27. h3 Nxa3 28. Qxa3 Qxc7 29. Qa4+ Ke7 30. Qb4+ Kf6 31. d5 exd5 32. Qh4+ Ke6
33. Qg4+ f5 34. Qe2+ Qe5 35. Qa6+ Kf7 36. Qb7+ Kg6 37. Qc6+ Kg5 38. Qc1+ f4 39.
Qc6 Rb8 40. Qd7 Rxb3 41. Qg4+ Kf6 42. Qh4+ Kg6 43. Qg4+ Qg5 44. Qe6+ Kh5 45.
Qe2+ f3 46. Qe8+ g6 47. g3 Rb1+ 48. Kh2 Rf1 49. g4+ 49... Kh4 {Andrey resigns}
0-1

[Event "ICS rated blitz match"]
[Site "207.99.83.229"]
[Date "1999.06.02"]
[Round "?"]
[White "vitsi"]
[Black "Hossa"]
[Result "1-0"]
[WhiteElo "2326"]
[BlackElo "2582"]
[PlyCount "64"]

1. e4 e5 2. d4 Nc6 3. dxe5 Nxe5 4. f4 Nc6 5. Be3 Bb4+ 6. Nc3 Bxc3+ 7. bxc3 Nf6
8. Bd3 d5 9. e5 Ne4 10. Ne2 Qh4+ 11. g3 Qh5 12. O-O Bg4 13. Qe1 O-O 14. Nd4 Bh3
15. Be2 Qh6 16. c4 Nxd4 17. Bxd4 c5 18. Be3 d4 19. Bf3 Bxf1 20. Bxe4 Bxc4 21.
Bd2 Rab8 22. Qf2 b6 23. f5 Qh5 24. Bf4 Qg4 25. Re1 Rbe8 26. Kg2 Bxa2 27. h3
Qxf4 28. Qxf4 a5 29. f6 Rxe5 30. Qxe5 g6 31. Qg5 Kh8 32. Qh6 32... Bb1 {
Hossa resigns} 1-0

[Event "ICS rated blitz match"]
[Site "207.99.83.229"]
[Date "1999.06.02"]
[Round "?"]
[White "Hossa"]
[Black "SuperChicken"]
[Result "0-1"]
[WhiteElo "2557"]
[BlackElo "2697"]
[PlyCount "141"]

1. e4 c5 2. Nf3 e6 3. Nc3 a6 4. d4 cxd4 5. Nxd4 b5 6. Bd3 Bb7 7. O-O Ne7 8. e5
Ng6 9. Qh5 b4 10. Be4 Qc8 11. Bxb7 Qxb7 12. Nce2 Qe4 13. Qf3 Qxf3 14. Nxf3 Nc6
15. Bf4 d6 16. exd6 Nxf4 17. d7+ Kxd7 18. Nxf4 Bd6 19. Rfd1 Ke7 20. Nh5 g6 21.
Ng3 Rhd8 22. Ne4 Bf4 23. c4 bxc3 24. bxc3 Rac8 25. g3 Ne5 26. Rxd8 Nxf3+ 27.
Kg2 Nh4+ 28. Kh3 Kxd8 29. gxf4 Rc4 30. Kxh4 Rxe4 31. Kg3 Re2 32. a4 Rc2 33. Ra3
Kc7 34. f3 a5 35. h3 h6 36. h4 Kc6 37. f5 exf5 38. Kf4 Kd6 39. Kg3 Rc1 40. Kg2
f4 41. Rb3 Rc2+ 42. Kh3 h5 43. Rb6+ Ke7 44. Rb7+ Kf6 45. Rb6+ Kg7 46. Rb3 Kh6
47. Rb5 Rf2 48. c4 Rxf3+ 49. Kh2 Rg3 50. Rxa5 Rg4 51. Rd5 Rxh4+ 52. Kg2 g5 53.
c5 g4 54. c6 f3+ 55. Kg1 g3 56. Rf5 Rxa4 57. Rf6+ Kg7 58. Rxf3 h4 59. Rc3 Ra1+
60. Kg2 Ra2+ 61. Kf3 g2 62. Rc1 h3 63. c7 h2 64. c8=Q g1=Q 65. Qg4+ Qxg4+ 66.
Kxg4 Rg2+ 67. Kf5 Rg1 68. Rc8 h1=Q 69. Ke5 Qh2+ 70. Kd4 Qd2+ 71. Ke4 {
Hossa resigns} 0-1

[Event "ICS rated blitz match"]
[Site "207.99.83.229"]
[Date "1999.06.02"]
[Round "?"]
[White "MissSilicon"]
[Black "Hossa"]
[Result "0-1"]
[WhiteElo "2591"]
[BlackElo "2543"]
[PlyCount "141"]

1. e4 c5 2. Nf3 e6 3. d4 cxd4 4. Nxd4 Nf6 5. Nc3 d6 6. g3 a6 7. Bg2 Qc7 8. Bg5
Be7 9. O-O O-O 10. Bf3 Nbd7 11. Re1 Ne5 12. Be2 Nc4 13. Bxc4 Qxc4 14. Nf3 Qb4
15. Qc1 Bd8 16. a3 Qb6 17. Be3 Qc6 18. Nd4 Qc4 19. Qd2 Ba5 20. b4 Bd8 21. f3
Bd7 22. Nde2 Bc7 23. Qd3 Qxd3 24. cxd3 Rac8 25. Rac1 a5 26. Rc2 e5 27. Rec1
axb4 28. axb4 Bh3 29. Nb5 Bb8 30. Rxc8 Rxc8 31. Rxc8+ Bxc8 32. g4 Bd7 33. Nbc3
Be6 34. d4 Bc4 35. h4 Ba7 36. Kf2 h6 37. b5 Kf8 38. Kg3 Ne8 39. f4 Nc7 40. Kf3
Bxe2+ 41. Nxe2 exd4 42. Nxd4 Bxd4 43. Bxd4 Nxb5 44. Be3 Ke7 45. f5 f6 46. Kf4
Kd7 47. Bd2 Nd4 48. Be3 Nc2 49. Bb6 Kc6 50. Bg1 Kb5 51. g5 hxg5+ 52. hxg5 Nb4
53. gxf6 gxf6 54. Bd4 Nd3+ 55. Kg3 Ne5 56. Kf4 Nd7 57. Ke3 Kc4 58. Ba1 b5 59.
Bb2 b4 60. Bd4 Ne5 61. Ba1 Kb3 62. Bd4 Ka2 63. Kf4 b3 64. Kg3 b2 65. Bxb2 Kxb2
66. Kf4 Kb3 67. Ke3 Kc3 68. Ke2 Kd4 69. Kd2 Nd3 70. Kc2 Kxe4 71. Kc3 {
MissSilicon resigns} 0-1

[Event "ICS rated blitz match"]
[Site "207.99.83.229"]
[Date "1999.06.02"]
[Round "?"]
[White "JudgeTurpin"]
[Black "Hossa"]
[Result "1-0"]
[WhiteElo "2587"]
[BlackElo "2572"]
[PlyCount "62"]

1. Nf3 d5 2. c4 d4 3. g3 Nc6 4. Bg2 e5 5. d3 Nf6 6. O-O Be7 7. b4 Bxb4 8. Nxe5
Nxe5 9. Qa4+ Nc6 10. Bxc6+ bxc6 11. Qxb4 Bh3 12. Re1 Qd7 13. Qc5 Qd6 14. Ba3
O-O 15. Qg5 c5 16. Qxc5 Qd7 17. Nd2 Qa4 18. Bc1 Qd7 19. Bb2 Ng4 20. Qxd4 Qxd4
21. Bxd4 Rfd8 22. Nb3 Re8 23. e4 Red8 24. f3 Nh6 25. g4 f6 26. Kf2 Nf7 27. Kg3
a5 28. a4 Ng5 29. Be3 Rxd3 30. Nc5 Rc3 31. Bxg5 31... fxg5 {Hossa resigns} 1-0

[Event "ICS rated blitz match"]
[Site "207.99.83.229"]
[Date "1999.06.02"]
[Round "?"]
[White "Hossa"]
[Black "JudgeTurpin"]
[Result "1/2-1/2"]
[WhiteElo "2557"]
[BlackElo "2602"]
[PlyCount "69"]

1. e4 c5 2. Nc3 Nc6 3. g3 g6 4. Bg2 Bg7 5. d3 d6 6. Be3 e6 7. Qd2 Rb8 8. Nge2
Nd4 9. O-O b5 10. a3 Ne7 11. Rfb1 O-O 12. a4 b4 13. Bxd4 cxd4 14. Nb5 Nc6 15.
c3 dxc3 16. bxc3 a6 17. Nbd4 Nxd4 18. Nxd4 Bd7 19. Ne2 f5 20. exf5 bxc3 21.
Nxc3 Rxf5 22. d4 Rb6 23. f4 Qf6 24. Ne2 Rxb1+ 25. Rxb1 Qd8 26. Qe3 Qc8 27. Rb6
Ra5 28. Rxd6 Bf8 29. Rb6 Rxa4 30. Qe5 Bg7 31. Qd6 Bf8 32. Qe5 Bg7 33. Qd6 Bf8
34. Qe5 Bg7 35. Qd6 {Game drawn by repetition} 1/2-1/2

[Event "ICS rated blitz match"]
[Site "207.99.83.229"]
[Date "1999.06.02"]
[Round "?"]
[White "JudgeTurpin"]
[Black "Hossa"]
[Result "1-0"]
[WhiteElo "2600"]
[BlackElo "2559"]
[PlyCount "49"]

1. e4 c5 2. Nf3 e6 3. d4 cxd4 4. Nxd4 Nf6 5. Nc3 d6 6. Be2 a6 7. a4 Nc6 8. Be3
Be7 9. O-O O-O 10. f4 Qc7 11. Kh1 Rd8 12. Bd3 Nxd4 13. Bxd4 Qa5 14. Qe1 Qb4 15.
Bxf6 Bxf6 16. e5 dxe5 17. fxe5 Be7 18. Qg3 h6 19. a5 Bh4 20. Qf3 f5 21. exf6
Bxf6 22. Ne4 Bxb2 23. Qf7+ Kh8 24. Ra4 Ba3 25. Rxb4 {Hossa resigns} 1-0

[Event "ICS Rated blitz match"]
[Site "207.99.83.229"]
[Date "1999.06.02"]
[Round "?"]
[White "sicillianknight"]
[Black "Hossa"]
[Result "1/2-1/2"]
[WhiteElo "2795"]
[BlackElo "2545"]
[PlyCount "56"]

1. Nf3 Nf6 2. d4 e6 3. Bg5 Be7 4. Nc3 O-O 5. e4 d5 6. e5 Ne4 7. Nxe4 dxe4 8.
Bxe7 Qxe7 9. Nd2 Qb4 10. c3 Qxb2 11. Nxe4 Rd8 12. Bc4 c5 13. Rb1 Qa3 14. Rb3
Qa4 15. Bb5 Qxa2 16. Nxc5 b6 17. Ne4 Bb7 18. Bd3 Nd7 19. Nd6 Bd5 20. Rb1 Bxg2
21. Rg1 Qd5 22. Bxh7+ Kxh7 23. Qh5+ Kg8 24. Qxf7+ Kh7 25. Qh5+ Kg8 26. Qf7+ Kh7
27. Qh5+ Kg8 28. Qf7+ 28... Kh7 {Game drawn by repetition} 1/2-1/2

[Event "ICS rated blitz match"]
[Site "207.99.83.229"]
[Date "1999.06.02"]
[Round "?"]
[White "Hossa"]
[Black "JudgeTurpin"]
[Result "0-1"]
[WhiteElo "2555"]
[BlackElo "2646"]
[PlyCount "150"]

1. e4 e5 2. Nf3 Nc6 3. Bb5 Nd4 4. Nxd4 exd4 5. O-O Bc5 6. d3 c6 7. Bc4 d5 8.
exd5 cxd5 9. Bb5+ Bd7 10. Bxd7+ Qxd7 11. Nd2 Ne7 12. Nb3 Bb6 13. a4 O-O 14. a5
Bc7 15. Nxd4 Nc6 16. Nxc6 bxc6 17. Qh5 Rfe8 18. Ra4 Re5 19. Qf3 Rae8 20. Be3 a6
21. d4 R5e6 22. Qh5 Qd6 23. c3 f5 24. c4 Rb8 25. Rb1 Re4 26. c5 Qf6 27. Qd1 f4
28. Bd2 Rxd4 29. Rxd4 Qxd4 30. Qc1 f3 31. g3 Rb5 32. Qe1 Kf7 33. b3 Qe4 34.
Qxe4 dxe4 35. b4 Bxa5 36. Bc3 Rb8 37. h4 g6 38. Rb2 Bc7 39. Ra2 Ra8 40. Kh2 Ke6
41. Rd2 Ra7 42. Kh3 Be5 43. Bxe5 Kxe5 44. Rd6 e3 45. fxe3 Rf7 46. Rd1 Ke4 47.
Kh2 f2 48. Kg2 Kxe3 49. Kf1 Re7 50. Ra1 Kf3 51. Rd1 h5 52. Rc1 Re2 53. Ra1 Re3
54. Rc1 Ra3 55. Rb1 Kxg3 56. Rd1 Rc3 57. Rb1 Rf3 58. Rb2 Ra3 59. Rb1 Rc3 60.
Ra1 Rd3 61. Rb1 Re3 62. Rd1 Rb3 63. Ra1 Kf3 64. b5 axb5 65. Ra3 Re3 66. Rb3 g5
67. Rb1 g4 68. Rb3 g3 69. Rxe3+ Kxe3 70. Kg2 b4 71. Kf1 b3 72. Kg2 b2 73. Kf1
b1=Q+ 74. Kg2 f1=Q+ 75. Kxg3 75... Qb8# {Hossa checkmated} 0-1

[Event "ICS rated blitz match"]
[Site "207.99.83.229"]
[Date "1999.06.02"]
[Round "?"]
[White "suha"]
[Black "Hossa"]
[Result "1/2-1/2"]
[WhiteElo "2487"]
[BlackElo "2543"]
[PlyCount "63"]

1. e4 e5 2. Nf3 Nc6 3. Nc3 Nf6 4. Bb5 Bb4 5. O-O O-O 6. d3 d6 7. Bg5 a6 8. Bc4
Bxc3 9. bxc3 Be6 10. Bb3 Qe7 11. Re1 Rae8 12. h3 a5 13. Rb1 Bxb3 14. axb3 Qe6
15. c4 Nd7 16. c3 f5 17. Bc1 fxe4 18. dxe4 Qg6 19. b4 Nb6 20. c5 Nc4 21. Qd5+
Qe6 22. Ng5 Qxd5 23. exd5 Ne7 24. Ne6 Rf7 25. Nxc7 Rc8 26. Nb5 dxc5 27. d6 Nf5
28. bxa5 Re8 29. Nc7 Rc8 30. Nb5 Re8 31. Nc7 Rc8 32. Nb5 {
Game drawn by repetition} 1/2-1/2

[Event "ICS rated bullet match"]
[Site "207.99.83.229"]
[Date "1999.06.02"]
[Round "?"]
[White "JSBach"]
[Black "Hossa"]
[Result "0-1"]
[WhiteElo "1974"]
[BlackElo "2456"]
[PlyCount "102"]

1. d4 d5 2. Bf4 e6 3. Nf3 Nf6 4. Nc3 Bb4 5. Qd3 Ne4 6. Bd2 Bxc3 7. Bxc3 O-O 8.
Bb4 Re8 9. Rd1 Nc6 10. Ba3 Qf6 11. c4 b6 12. c5 Bb7 13. e3 e5 14. Qc2 exd4 15.
Nxd4 Nxd4 16. Rxd4 Nxf2 17. Qxf2 Qxd4 18. Be2 Qxe3 19. Qxe3 Rxe3 20. Kf2 Rxa3
21. bxa3 bxc5 22. Rc1 c4 23. Bf3 c5 24. Re1 Kf8 25. Rb1 Bc6 26. Rd1 Rd8 27. Rb1
Ke7 28. g3 Rc8 29. Re1+ Kf6 30. Rc1 Rc7 31. Rc3 Ke5 32. Ke2 d4 33. Rc1 Bxf3+
34. Kxf3 c3 35. Rc2 c4 36. h3 f5 37. Kf2 Ke4 38. Rc1 Rd7 39. Re1+ Kd3 40. g4
fxg4 41. hxg4 c2 42. a4 Re7 43. Rxe7 c1=Q 44. Rxg7 c3 45. Rxh7 Qe3+ 46. Kg2
Qe4+ 47. Kf2 Qxh7 48. g5 Qh4+ 49. Kf3 c2 50. a5 c1=Q 51. g6 51... Qf1# {
JSBach checkmated} 0-1

[Event "ICS Rated blitz match"]
[Site "207.99.83.229"]
[Date "1999.06.02"]
[Round "?"]
[White "Hossa"]
[Black "SuperChicken"]
[Result "0-1"]
[WhiteElo "2540"]
[BlackElo "2726"]
[PlyCount "111"]

1. e4 e5 2. d4 exd4 3. Nf3 Nc6 4. Nxd4 Bc5 5. Nxc6 Qf6 6. Qe2 Qxc6 7. Nc3 Nf6
8. Bd2 O-O 9. O-O-O Re8 10. f3 a6 11. g4 d6 12. g5 Nd7 13. Kb1 Ne5 14. Nd5 Be6
15. Bc3 Qa4 16. Bxe5 dxe5 17. Bg2 Rad8 18. a3 Rd7 19. Nc3 Qc6 20. Rxd7 Qxd7 21.
Rd1 Qe7 22. h4 c6 23. Rd2 Rd8 24. Qd1 Rxd2 25. Qxd2 Qd6 26. Qxd6 Bxd6 27. Kc1
Be7 28. Na4 b5 29. Nc3 f6 30. g6 hxg6 31. Bf1 f5 32. b4 Bxh4 33. Bh3 Bg5+ 34.
Kd1 Kf7 35. Bf1 Be3 36. Bd3 f4 37. a4 g5 38. axb5 axb5 39. Be2 Kf6 40. Ke1 g4
41. fxg4 Kg5 42. Nd1 Bb6 43. Nc3 Bxg4 44. Bd3 f3 45. Nd1 Be6 46. c3 Kf4 47. Bc2
g5 48. Bd3 g4 49. c4 Be3 50. Bf1 g3 51. Nb2 g2 52. Nd3+ Kg3 53. Bxg2 fxg2 54.
Kd1 g1=Q+ 55. Kc2 bxc4 56. b5 {Hossa resigns} 0-1

[Event "ICS Rated blitz match"]
[Site "207.99.83.229"]
[Date "1999.06.02"]
[Round "?"]
[White "SuperChicken"]
[Black "Hossa"]
[Result "1-0"]
[WhiteElo "2734"]
[BlackElo "2532"]
[PlyCount "74"]

1. d4 d5 2. c4 e6 3. Nc3 Nf6 4. Bg5 Be7 5. e3 O-O 6. Nf3 h6 7. Bh4 b6 8. Be2
Bb7 9. Bxf6 Bxf6 10. cxd5 exd5 11. O-O Nd7 12. b4 c5 13. bxc5 bxc5 14. Rb1 Nb6
15. dxc5 Bxc3 16. Rb3 Qf6 17. Qc2 Ba5 18. Nd4 Qg5 19. Rb5 Rfc8 20. Rxa5 Rc7 21.
c6 Bc8 22. Rb1 Bh3 23. Bf1 Re8 24. f4 Qg4 25. Ra3 Rce7 26. Kh1 Rxe3 27. Rxe3
Rxe3 28. Qf2 Re4 29. gxh3 Qxf4 30. Qxf4 Rxf4 31. c7 Nc8 32. Bd3 Kf8 33. Rb8 Ke8
34. Bb5+ Ke7 35. Rxc8 Kd6 36. Nb3 a6 37. Bxa6 37... Ra4 {Hossa resigns} 1-0

[Event "ICS Rated blitz match"]
[Site "207.99.83.229"]
[Date "1999.06.02"]
[Round "?"]
[White "Hossa"]
[Black "JudgeTurpin"]
[Result "1-0"]
[WhiteElo "2524"]
[BlackElo "2705"]
[PlyCount "61"]

1. d4 d5 2. c4 e5 3. dxe5 d4 4. Nf3 Nc6 5. g3 Be6 6. Qb3 Qd7 7. Bg2 O-O-O 8.
Nbd2 Na5 9. Qc2 Bf5 10. Qd1 Bb4 11. O-O Bxd2 12. Qxd2 Nxc4 13. Qb4 b5 14. Rd1
a5 15. Qc5 d3 16. b3 Nb6 17. Ne1 Bg6 18. Nxd3 Bf5 19. Bd2 Ne7 20. Bxa5 Nbd5 21.
Nb4 Nxb4 22. Rxd7 Rxd7 23. Bxb4 Kd8 24. Qxb5 Ke8 25. Rc1 c6 26. Bxc6 Nxc6 27.
Qxc6 h6 28. Rd1 f6 29. e6 Bxe6 30. Qxe6+ Kd8 31. Qxd7# {JudgeTurpin checkmated}
1-0

[Event "ICS rated blitz match"]
[Site "207.99.83.229"]
[Date "1999.06.02"]
[Round "?"]
[White "Hossa"]
[Black "MissSilicon"]
[Result "1-0"]
[WhiteElo "2542"]
[BlackElo "2573"]
[PlyCount "173"]

1. d4 Nf6 2. c4 e6 3. Nf3 b6 4. a3 Nc6 5. Nc3 Bd6 6. e4 e5 7. d5 Ne7 8. Bd3 O-O
9. O-O Ng6 10. Bg5 Be7 11. Qd2 h6 12. Be3 Ng4 13. Rae1 d6 14. h3 Nxe3 15. fxe3
Nh4 16. Qc2 Nxf3+ 17. Rxf3 Bd7 18. Ref1 c6 19. Qd1 Bh4 20. dxc6 Bxc6 21. Bc2
Qd7 22. Qd3 Qe6 23. Bb3 Rad8 24. Nd5 Qg6 25. Kh2 Bg5 26. Rg3 Qh7 27. Kg1 Bd7
28. Rf2 Rde8 29. Rff3 Re6 30. Rf1 Rg6 31. Rgf3 Bh4 32. Kh1 Qh8 33. Nc7 Rf6 34.
Rxf6 Bxf6 35. Qxd6 Bc8 36. Nd5 Be6 37. Nxf6+ gxf6 38. Qc6 Kg7 39. Qb7 Ra8 40.
Rf3 Qc8 41. Qe7 Qd8 42. Rg3+ Kh8 43. Qb7 Qc8 44. Qxc8+ Rxc8 45. Kh2 Bxc4 46.
Bxc4 Rxc4 47. Rf3 Kg7 48. Rg3+ Kf8 49. Rf3 Ke7 50. Kg1 Ke6 51. g4 Rxe4 52. b3
h5 53. gxh5 f5 54. Kh2 Rh4 55. Kg3 Rxh5 56. h4 Rh8 57. a4 Rg8+ 58. Kf2 Rg4 59.
Rh3 Rb4 60. h5 Rxb3 61. h6 Rb2+ 62. Ke1 Rb1+ 63. Ke2 Rc1 64. h7 Rc8 65. h8=Q
Rxh8 66. Rxh8 Kd7 67. Ra8 a5 68. Ra7+ Ke8 69. Rb7 f6 70. Rxb6 Kf7 71. Ra6 Ke7
72. Rxa5 Kd6 73. Ra6+ Kc5 74. Rxf6 Kb4 75. Kd3 e4+ 76. Kd4 Kxa4 77. Rxf5 Kb4
78. Kxe4 Kc4 79. Kf3 Kd3 80. Rf4 Kc3 81. Ke2 Kb3 82. Kd3 Kb2 83. Rb4+ Ka3 84.
Kc3 Ka2 85. Rc4 Ka3 86. Kc2 Ka2 87. Ra4# {MissSilicon checkmated} 1-0

[Event "ICS Rated blitz match"]
[Site "207.99.83.229"]
[Date "1999.06.02"]
[Round "?"]
[White "Nicy"]
[Black "Hossa"]
[Result "0-1"]
[WhiteElo "2300"]
[BlackElo "2559"]
[PlyCount "40"]

1. d4 d5 2. Nf3 Nf6 3. c3 e6 4. Bg5 Bd6 5. Nbd2 O-O 6. e3 Nbd7 7. Bd3 Qe7 8.
O-O h6 9. Bh4 e5 10. dxe5 Nxe5 11. Nxe5 Bxe5 12. Nf3 Bg4 13. Be2 Qe6 14. Nxe5
Bxe2 15. Qxe2 Qxe5 16. Bxf6 Qxf6 17. Rfd1 c6 18. Rd4 Rae8 19. Rad1 Re5 20. Rf4
20... Qxf4 {Nicy resigns} 0-1

[Event "ICS rated blitz match"]
[Site "207.99.83.229"]
[Date "1999.06.02"]
[Round "?"]
[White "Hossa"]
[Black "SABINAH"]
[Result "1-0"]
[WhiteElo "2506"]
[BlackElo "2154"]
[PlyCount "109"]

1. d4 d5 2. Bg5 Nd7 3. Nf3 Ngf6 4. e3 e6 5. Bd3 Bd6 6. O-O O-O 7. Nc3 c5 8. Nb5
Bb8 9. Nc3 a6 10. Qd2 b5 11. a3 Bb7 12. Be2 Bd6 13. dxc5 Bxc5 14. Rae1 Qb6 15.
Nd4 Bxd4 16. exd4 Rac8 17. Qf4 Qc7 18. Qh4 Qd6 19. Bf4 Qe7 20. Qg3 Rfd8 21. Bd6
Qe8 22. Bc7 Qe7 23. Bxd8 Qxd8 24. Qf4 Nb6 25. Bd3 Nc4 26. Bxc4 Rxc4 27. Re3 Qb6
28. Rd1 a5 29. Re5 b4 30. axb4 axb4 31. Rg5 Nd7 32. Qg3 g6 33. Na4 Qb5 34. Qb3
Bc6 35. Qd3 Qa5 36. Qxc4 Qxa4 37. Qe2 Bb5 38. Qd2 Nf6 39. f3 Qa7 40. Qxb4 Qa6
41. Qe7 Kg7 42. Re1 Qb6 43. c3 Be8 44. b4 Qc6 45. Re3 Qa4 46. Rxe6 Qd1+ 47. Re1
Qd2 48. Qe3 Qb2 49. Qc1 Qb3 50. Re7 Qc4 51. Rge5 Qd3 52. Rxe8 Nxe8 53. Rxe8 Qf5
54. f4 Qxf4 55. Qxf4 {SABINAH resigns} 1-0